|
|
|
|
| LEADER |
01388nam a2200301 a 4500 |
| 001 |
4628930 |
| 008 |
100324r19981979njua b 001 0 eng d |
| 010 |
|
|
|a \\\78021462
|
| 020 |
|
|
|a 8120304179
|
| 020 |
|
|
|a 0132145103 :
|c $21.50
|
| 040 |
|
|
|a DLC
|c DLC
|d DLC
|d BD-DhAAL
|
| 082 |
0 |
0 |
|a 621.3815/3
|2 19
|
| 100 |
1 |
|
|a Mano, M. Morris,
|d 1927-
|
| 245 |
1 |
0 |
|a Digital logic and computer design /
|c M. Morris Mano.
|
| 260 |
|
|
|a Englewood Cliffs, N.J. ;
|a New Delhi :
|b Prentice-Hall,
|c c1979 [reprinted 1998].
|
| 300 |
|
|
|a xii, 612 p. :
|b ill. ;
|c 24 cm.
|
| 504 |
|
|
|a Includes bibliographical references and index.
|
| 541 |
1 |
|
|e 00006601
|
| 650 |
|
0 |
|a Electronic digital computers.
|
| 650 |
|
0 |
|a Logic circuits.
|
| 650 |
|
0 |
|a Digital integrated circuits.
|
| 650 |
|
0 |
|a Logic design.
|
| 852 |
4 |
|
|a Ayesha Abed Library
|j General Shelf
|
| 942 |
0 |
0 |
|0 2
|
| 999 |
|
|
|c 7855
|d 7855
|
| 952 |
|
|
|0 0
|1 0
|2 ddc
|4 0
|6 621_381530000000000_MAN_1998
|7 0
|9 8779
|a BRACUL
|b BRACUL
|c GEN
|d 2010-03-24
|l 46
|m 324
|o 621.38153 MAN
|p 3010006601
|r 2023-01-03
|s 2022-10-12
|t 1
|w 2010-03-24
|y BK
|
| 952 |
|
|
|0 0
|1 0
|2 ddc
|4 0
|6 621_381530000000000_MAN_1998
|7 0
|9 9089
|a BRACUL
|b BRACUL
|c GEN
|d 2010-04-08
|l 35
|m 306
|o 621.38153 MAN
|p 3010006655
|r 2023-02-23
|s 2023-02-15
|t 2
|w 2010-04-08
|y BK
|
| 952 |
|
|
|0 0
|1 0
|2 ddc
|4 0
|6 621_381500000000000_3_MAN
|7 0
|9 59560
|a BRACUL
|b BRACUL
|c GEN
|d 2016-08-23
|l 17
|m 168
|o 621.38153 MAN
|p 3010006845
|r 2026-01-17
|s 2025-09-23
|t 3
|w 2016-08-23
|y BK
|